000 00446nam a2200181Ia 4500
008 151202s9999||||xx |||||||||||||| ||und||
082 _bPNVM-16423
100 _a---
245 _aTHE AUTOBIOGRAPHY OF BENJAMIN FRANKLIN.
260 _b---
260 _c0
300 _a260
600 _a---
630 _aTHE AUTOBIOGRAPHY OF BENJAMIN FRANKLIN.
700 _a---
730 _aTHE AUTOBIOGRAPHY OF BENJAMIN FRANKLIN.
942 _cBOOK
999 _c1282408
_d1282405